Nachbarländer der Österreichischen Bundesländer Quiz - Statistiken

Allgemein
  • Dieses Quiz wurde 34 mal gespielt
  • Das Durchschnittsergebnis liegt bei 3 aus 9
Antwortstatistiken
Bundesland Nachbarstaat % Korrekt
Salzburg Deutschland
100%
Steiermark Slowenien
61%
Wien Keines
57%
Kärnten Italien, Slowenien
18%
Oberösterreich Tschechien, Deutschland
7%
Niederösterreich Tschechien, Slowakei
7%
Tirol Italien, Deutschland, Schweiz
4%
Vorarlberg Liechtenstein, Schweiz, Deutschland
4%
Burgenland Ungarn, Slowakei, Slowenien
4%
Keine übereinstimmenden Quizze gefunden
Verteilung der Resultate
Anzahl Personen mit jedem Resultat
Perzentil nach korrekt beantworteten Fragen
Ihre Resultats-Entwicklung
Sie haben dieses Quiz noch nicht gespielt